| 000 -NÁVESTIE |
| fixed length control field |
01416cam a2200385 a 4500 |
| 001 - EVIDENČNÉ ČÍSLO ZÁZNAMU - Kontrolné číslo |
| control field |
vtls010630011 |
| 005 - DÁTUM A ČAS POSLEDNEJ TRANSAKCIE |
| control field |
20250926101326.0 |
| 008 - ÚDAJE S PEVNOU DĹŽKOU – VŠEOBECNÉ INFORMÁCIE |
| fixed length control field |
230626s2014 xo ioacg e 000 0 slo |
| 020 ## - MEDZINÁRODNÉ ŠTANDARDNÉ ČÍSLO KNIHY (ISBN) |
| Medzinárodné štandardné číslo knihy (ISBN) |
9788081281167 (viaz.) |
| 035 ## - Iný štandardný identifikátor |
| Iný štandardný identifikátor |
F9E7BDFC-C75C-447C-96EC-9E1FCF50ED63 |
| 035 ## - Iný štandardný identifikátor |
| Iný štandardný identifikátor |
urn:nbn:sk:snk-amjow3 |
| 035 ## - Iný štandardný identifikátor |
| Iný štandardný identifikátor |
urn:nbn:sk:snk-am002gr4 |
| 040 ## - ZDROJ KATALOGIZÁCIE |
| Pôvodná katalogizujúca agentúra |
POKPOH |
| Jazyk katalogizácie |
slo |
| Prepisujúca agentúra |
POKPOH |
| Modifikujúca agentúra |
SNK |
| Konvencie popisu |
AACR2 |
| 041 0# - KÓD JAZYKA |
| Kód jazyka textu/zvukovej stopy alebo samostatných nápisov |
slo |
| 044 ## - KÓD KRAJINY VYDAVATEĽA/PRODUCENTA |
| Kód krajiny MARC |
xo |
| Kód krajiny ISO |
SK |
| 072 #7 - KÓD PREDMETOVEJ KATEGÓRIE |
| Kód predmetovej kategórie |
908(437) |
| Pododdiel kódu predmetovej kategórie |
Vlastiveda Česka a Slovenska |
| Zdroj |
konspekt |
| 072 #7 - KÓD PREDMETOVEJ KATEGÓRIE |
| Kód predmetovej kategórie |
94(437) |
| Pododdiel kódu predmetovej kategórie |
Dejiny Česka a Slovenska |
| Zdroj |
konspekt |
| 080 ## - ČÍSLO MEDZINÁRODNÉHO DESATINNÉHO TRIEDENIA (MDT) |
| Číslo Medzinárodného desatinného triedenia (MDT) |
908(437.6) |
| Identifikátor vydania |
2001 |
| 080 ## - ČÍSLO MEDZINÁRODNÉHO DESATINNÉHO TRIEDENIA (MDT) |
| Číslo Medzinárodného desatinného triedenia (MDT) |
94(437.6) |
| Identifikátor vydania |
2001 |
| 080 ## - ČÍSLO MEDZINÁRODNÉHO DESATINNÉHO TRIEDENIA (MDT) |
| Číslo Medzinárodného desatinného triedenia (MDT) |
(031) |
| Identifikátor vydania |
2001 |
| 100 1# - OSOBNÉ MENÁ – VŠEOBECNÉ INFORMÁCIE |
| Osobné meno |
Machala, Drahoslav, |
| Dátumy súvisiace s menom |
1947-2015 |
| Kód roly |
pht |
| -- |
aut |
| -- |
4867 |
| 245 10 - NÁZOV |
| Názov |
Slovenská vlastiveda |
| Číslo časti diela |
II |
| Názov časti diela |
Trenčianska župa |
| Údaj o zodpovednosti atď. |
Drahoslav Machala ; [fotografie: Drahoslav Machala, Laco Pákozdy ... [et al.]] |
| 246 30 - INÁ FORMA NÁZVU |
| Hlavný názov/skrátený názov |
Trenčianska župa |
| 260 ## - VYDAVATEĽSKÉ ÚDAJE, DISTRIBÚCIA ATĎ. |
| Miesto publikovania, distribúcie atď. |
Martin |
| Názov vydavateľa, distibútora atď. |
Matica slovenská |
| Dátum publikovania, distribúcie atď. |
2014 |
| 300 ## - FYZICKÝ POPIS |
| Rozsah |
374 s. |
| Ďalšie fyzické detaily |
erby, fotogr., ilustr., portr. |
| Rozmery |
31 cm |
| 651 #7 - PRIDANÝ VSTUP – PREDMET – GEOGRAFICKÝ NÁZOV |
| Geografický názov |
Trenčianska župa (Slovensko) |
| Zdroj hesla alebo termínu |
SNKPH |
| -- |
4868 |
| 651 #7 - PRIDANÝ VSTUP – PREDMET – GEOGRAFICKÝ NÁZOV |
| Geografický názov |
Slovensko |
| Všeobecný pododdiel |
dejiny |
| Zdroj hesla alebo termínu |
SNKPH |
| -- |
1981 |
| 651 #7 - PRIDANÝ VSTUP – PREDMET – GEOGRAFICKÝ NÁZOV |
| Geografický názov |
Slovensko |
| Všeobecný pododdiel |
vlastiveda |
| Zdroj hesla alebo termínu |
SNKPH |
| -- |
4869 |
| 651 #7 - PRIDANÝ VSTUP – PREDMET – GEOGRAFICKÝ NÁZOV |
| Geografický názov |
Slovakia |
| Všeobecný pododdiel |
history |
| Zdroj hesla alebo termínu |
SNKPHeng |
| -- |
2322 |
| 651 #7 - PRIDANÝ VSTUP – PREDMET – GEOGRAFICKÝ NÁZOV |
| Geografický názov |
Slovakia |
| Všeobecný pododdiel |
history and geography |
| Zdroj hesla alebo termínu |
SNKPHeng |
| -- |
4870 |
| 655 #7 - INDEXAČNÝ TERMÍN – ŽÁNER/FORMA |
| Údaje o žánri/forme alebo termín, ktorý je prvok fazety |
encyklopédie |
| Zdroj termínu |
SNKPH |
| -- |
1494 |
| 655 #7 - INDEXAČNÝ TERMÍN – ŽÁNER/FORMA |
| Údaje o žánri/forme alebo termín, ktorý je prvok fazety |
Encyclopedias |
| Zdroj termínu |
SNKPHeng |
| -- |
1495 |
| 700 1# - PRIDANÝ VSTUP – OSOBNÉ MENO |
| Osobné meno |
Pákozdy, Laco |
| Kód roly |
pht |
| -- |
4871 |
| 958 ## - Formálny deskriptor |
| Formálny deskriptor |
NB |